Поверхностное легирование металлов и сплавов при лазерном нагреве: учебное пособие для слушателей заоч. курсов повышения квалификации ИТР по покрытиям и поверхност. уточнению деталей в машиностроении

Bibliografiset tiedot
Päätekijä: Лахтин Ю. М. Юрий Михайлович
Muut tekijät: Коган Я. Д. Яков Давидович
Kieli:venäjä
Julkaistu: Москва, Машиностроение, 1990
Sarja:Университет технического прогресса в машиностроении
Aiheet:
Aineistotyyppi: Kirja
KOHA link:https://koha.lib.tpu.ru/cgi-bin/koha/opac-detail.pl?biblionumber=86857

MARC

LEADER 00000nam0a2200000 4500
001 86857
005 20231031101920.0
010 |a 5217011459 
020 |a RU  |b 91-3776 
035 |a (RuTPU)RU\TPU\book\93259 
090 |a 86857 
100 |a 20051130d1990 m y0rusy5003 ca 
101 0 |a rus 
102 |a RU 
105 |a a j 001zy 
200 1 |a Поверхностное легирование металлов и сплавов при лазерном нагреве  |e учебное пособие для слушателей заоч. курсов повышения квалификации ИТР по покрытиям и поверхност. уточнению деталей в машиностроении  |f Ю. М. Лахтин, Я. Д. Коган  |g Центральное правление Всесоюзного НТО машиностроителей, Институт технического прогресса в машиностроении 
210 |a Москва  |c Машиностроение  |d 1990 
215 |a 53,[2] с.  |c ил.  |d 21 см 
225 1 |a Университет технического прогресса в машиностроении 
320 |a Библиогр.: с. 54 
610 1 |a металлы 
610 1 |a нагрев 
610 1 |a легирование 
610 1 |a лазерный нагрев 
610 1 |a поверхности 
610 1 |a сплавы 
610 1 |a учебные пособия 
675 |a 621.785.53(07)  |z rus 
700 1 |a Лахтин  |b Ю. М.  |g Юрий Михайлович  |4 070 
701 1 |a Коган  |b Я. Д.  |g Яков Давидович  |4 070 
801 0 |a RU  |b RuMRKP  |c 19950417  |g psbo 
801 1 |a RU  |b 63413507  |c 20051130  |g PSBO 
801 2 |a RU  |b 63413507  |c 20060118  |g PSBO 
942 |c BK